Learning Resource and Development

Human resource management / (Record no. 12109)

MARC details
000 -LEADER
fixed length control field 01704nam a2200337 i 4500
003 - CONTROL NUMBER IDENTIFIER
control field CSPC
005 - DATE AND TIME OF LATEST TRANSACTION
control field 20250603083855.0
008 - FIXED-LENGTH DATA ELEMENTS--GENERAL INFORMATION
fixed length control field 220629s2020 ph b 000 0 eng d
020 ## - INTERNATIONAL STANDARD BOOK NUMBER
International Standard Book Number 9786214270644
040 ## - CATALOGING SOURCE
Transcribing agency CSPC
Original cataloging agency CSPC
Language of cataloging eng
Description conventions rda
082 04 - DEWEY DECIMAL CLASSIFICATION NUMBER
Classification number 658.3
Item number P413h
100 1# - MAIN ENTRY--PERSONAL NAME
Personal name Pereda, Pedrito R.,
Relator term author.
245 00 - TITLE STATEMENT
Title Human resource management /
Statement of responsibility, etc. Pedrito R. Pereda, [and 3 others].
250 ## - EDITION STATEMENT
Edition statement 2nd edition.
264 #1 - PRODUCTION, PUBLICATION, DISTRIBUTION, MANUFACTURE, AND COPYRIGHT NOTICE
Place of production, publication, distribution, manufacture Intramuros, Manila :
Name of producer, publisher, distributor, manufacturer Unlimited Books Library Services & Publishing Inc.,
Date of production, publication, distribution, manufacture, or copyright notice 2020.
300 ## - PHYSICAL DESCRIPTION
Extent xiv, 288 pages ;
Dimensions 25 cm.
336 ## - CONTENT TYPE
Source rdacontent
Content type term text
337 ## - MEDIA TYPE
Source rdamedia
Media type term unmediated
338 ## - CARRIER TYPE
Source rdacarrier
Carrier type term volume
490 0# - SERIES STATEMENT
Series statement Outcome-based education
504 ## - BIBLIOGRAPHY, ETC. NOTE
Bibliography, etc. note Includes bibliographical references.
505 0# - FORMATTED CONTENTS NOTE
Formatted contents note The development of human resources -- Strategic human resource planning -- Human resource recruitment -- Selection of human resources -- Training and development of human resources -- Job evaluation and work flow analysis -- Wage and salary administration -- Management of performance appraisal system -- The management of employee benefits and services -- Changes in personnel status -- The management of employee discipline -- Development of employee morale -- Labor and management relations or collective bargaining -- Statutory benefits for workers in industry.
650 10 - SUBJECT ADDED ENTRY--TOPICAL TERM
Topical term or geographic name entry element Personnel management.
700 1# - ADDED ENTRY--PERSONAL NAME
Personal name Pereda, Purisma Pedrialva,
Relator term author.
700 1# - ADDED ENTRY--PERSONAL NAME
Personal name Ferrer, Marissa P.,
Relator term author.
700 1# - ADDED ENTRY--PERSONAL NAME
Personal name Arcega, Raymundo P.,
Relator term author.
940 ## - EQUIVALENCE OR CROSS-REFERENCE--UNIFORM TITLE [OBSOLETE] [CAN/MARC only]
Uniform title <a href="Jessa">Jessa</a>
940 ## - EQUIVALENCE OR CROSS-REFERENCE--UNIFORM TITLE [OBSOLETE] [CAN/MARC only]
Uniform title <a href="arly">arly</a>
942 ## - ADDED ENTRY ELEMENTS (KOHA)
Koha item type Books
Source of classification or shelving scheme Dewey Decimal Classification
Classification part 658.3
Call number prefix FIL
Call number suffix 2020
Suppress in OPAC No
Holdings
Withdrawn status Lost status Source of classification or shelving scheme Damaged status Not for loan Home library Current library Shelving location Date acquired Total Checkouts Full call number Barcode Date last seen Copy number Price effective from Koha item type Date last checked out
    Dewey Decimal Classification     Main Library Main Library Filipiniana Section 05/12/2023   FIL 658.3 P413h 2020 024258 05/12/2023 3-5 05/12/2023 Books  
    Dewey Decimal Classification     Main Library Main Library Filipiniana Section 05/12/2023   FIL 658.3 P413h 2020 024259 05/12/2023 4-5 05/12/2023 Books  
    Dewey Decimal Classification     Main Library Main Library Filipiniana Section 05/12/2023 2 FIL 658.3 P413h 2020 024257 12/11/2023 2-5 05/12/2023 Books 11/10/2023
    Dewey Decimal Classification     Main Library Main Library Filipiniana Section 05/12/2023   FIL 658.3 P413h 2020 024256 05/12/2023 1-5 05/12/2023 Books  
    Dewey Decimal Classification     Main Library Main Library Filipiniana Section 05/22/2025   FIL 658.3 P413h 2020 029648 05/22/2025 5-5 05/22/2025 Books